000 01098naa a22002897a 4500
001 BR8105784
003 BR-BrBNA
005 20240918174857.0
007 ta
008 230509b bl.||||| |||| 00| 0 por d
040 _aBR-BrBNA
_bpor
_cBiblioteca Nacional de Agricultura
041 _a(Pt)
072 _aF00
_b2120
_b3530
090 _aF00 BR8105784
100 1 _aAlmeida, S.R.
100 1 _aMatiello, J.B.
111 1 _a9. Congresso Brasileiro de Pesquisas Cafeeiras
_cSao Lourenco, MG (Brazil)
_d27 Oct 1981
245 1 _aComparacao de sistemas de plantio com mudas simples e duplas, com diferentes numeros de mudas por cova [cafe]
260 3 _aRio de Janeiro, RJ (Brasil):
_c1981.
500 _aResumos do 9. Congresso Brasileiro de Pesquisas Cafeeiras Rio de Janeiro, RJ (Brasil): 1981. p. 222-224 (BR8105784-AM)F00
650 _aCAFE
650 _aPLANTIO
650 _aMUDA
773 0 _tResumos do 9. Congresso Brasileiro de Pesquisas Cafeeiras
_wF00 BR8105784
_gRio de Janeiro, RJ (Brasil), 1981. p. 222-224
909 _a202404
_bLucia
_c55
_dLucia Elande
942 _cAM
_2AGRIS
999 _c314164
_d314164